Nesmrteľná Henrietta Lacksová
Volala sa Henrietta Lacksová, no vedci ju poznajú ako HeLa. Bola to chudobná černošská pestovateľka tabaku. V roku 1951 jej bez jej vedomia odobrali bunky, ktoré sa stali jedným z najdôležitejších nástrojov v medicíne. Mali nezastupiteľnú úlohu vo vývoji vakcíny proti poliomyelitíde, v klonovaní, ma...
| Hlavný autor: | |
|---|---|
| Ďalší autori: | |
| Médium: | CD Zvuková nahrávka |
| Jazyk: | slovenčina angličtina |
| Fyzický popis: | 1 elektronický optický disk (CD-ROM) digitál., MP3 12 cm |
| Vydavateľské údaje: |
Levoča
Slovenská knižnica pre nevidiacich Mateja Hrebendu
2014
|
| ISBN: | 9788018024775 (CDROM) |
| Predmet: |
MARC
| LEADER | 00000cim a2200000 a 4500 | ||
|---|---|---|---|
| 001 | vtls010578576 | ||
| 003 | SK-MaSNL | ||
| 005 | 20260301133641.0 | ||
| 007 | sd fungnnmmned | ||
| 008 | 160429s2014 xo nnnnfs f n slo | ||
| 015 | |a SNBJ2016 | ||
| 020 | |a 9788018024775 (CDROM) | ||
| 040 | |a SNK |b slo |c SNK |e AACR2 | ||
| 041 | 1 | |d slo |h eng | |
| 044 | |a xo |c SK | ||
| 072 | 7 | |a 616-092 |x Experimentálna medicína |2 konspekt | |
| 072 | 7 | |a 575 |x Všeobecná genetika. Všeobecná cytogenetika. Evolúcia |2 konspekt | |
| 080 | |a 614.253 |2 2001 | ||
| 080 | |a 575:001.891 |2 2001 | ||
| 080 | |a 342.7 |2 2001 | ||
| 080 | |a 341.231.14 |2 2001 | ||
| 080 | |a (0:82-96) |2 2001 | ||
| 080 | |a (086.76) |2 2001 | ||
| 100 | 1 | |a Skloot, Rebecca |4 aut |9 332969 | |
| 245 | 1 | 0 | |a Nesmrteľná Henrietta Lacksová |h elektronický zdroj |c Rebecca Sklootová ; číta: Dora Kulová |
| 260 | |a Levoča |b Slovenská knižnica pre nevidiacich Mateja Hrebendu |c 2014 | ||
| 300 | |a 1 elektronický optický disk (CD-ROM) |b digitál., MP3 |c 12 cm | ||
| 306 | |a 122500 | ||
| 520 | 8 | |a Volala sa Henrietta Lacksová, no vedci ju poznajú ako HeLa. Bola to chudobná černošská pestovateľka tabaku. V roku 1951 jej bez jej vedomia odobrali bunky, ktoré sa stali jedným z najdôležitejších nástrojov v medicíne. Mali nezastupiteľnú úlohu vo vývoji vakcíny proti poliomyelitíde, v klonovaní, mapovaní génov a ďalších vedeckých výskumoch. Henriettine bunky sa predávajú a kupujú po miliardách, ona však zostáva takmer neznáma a jej rodina nemá na zdravotné poistenie | |
| 521 | |a Pre nevidiacich, slabozrakých a inak zdravotne postihnutých | ||
| 600 | 1 | 7 | |a Lacks, Henrietta, |d 1920-1951 |2 SNKMA |9 332970 |
| 650 | 0 | 7 | |a HeLa bunky |2 SNKPH |9 92530 |
| 650 | 0 | 7 | |a lekárska etika |2 SNKPH |9 794 |
| 650 | 0 | 7 | |a genetický výskum |2 SNKPH |9 78886 |
| 650 | 0 | 7 | |a porušovanie ľudských práv |2 SNKPH |9 13668 |
| 655 | 7 | |a zvukové záznamy |2 SNKPH |9 70720 | |
| 655 | 7 | |a literatúra faktu |2 SNKPH |9 70526 | |
| 655 | 7 | |a CD-ROM |2 SNKPH |9 70236 | |
| 700 | 1 | |a Kulová, Dora |4 nrt |9 277306 | |
| 787 | 0 | 8 | |i Podľa knihy: |t Nesmrteľná Henrietta Lacksová |d Bratislava : Ikar, 2012 |z 978-80-551-3113-9 |
| 919 | |a 978-80-18-02477-5 | ||
| 958 | |a LX | ||
| 958 | |a UP | ||
| 999 | |c 754312 |d 756242 | ||
| 952 | |a SNK |b SNK |y PREZ |7 0 |p 17A1106764 |o snkSCD 3072 |i snk2014/7033 |8 0 |0 0 |1 0 |4 0 |d 2014-03-18 |l 0 |r 2026-02-23 23:44:26 |w 2026-02-23 | ||


